[Event "WchT Blitz Pool D"]
[Site "London"]
[Date "2025.06.14"]
[Round "10.5"]
[White "Hng, Mei En Emmanuelle"]
[Black "Kairbekova, Amina"]
[Result "1-0"]
[WhiteElo "2136"]
[BlackElo "2317"]
[PlyCount "69"]
[EventDate "2025.06.14"]
[EventType "team-tourn"]
[EventRounds "13"]
[EventCountry "ENG"]
[SourceTitle "CB25_2025"]
[SourceDate "2025.06.18"]
[SourceVersion "1"]
[SourceVersionDate "2025.06.18"]
[SourceQuality "1"]
[WhiteTeam "English Knightmares"]
[BlackTeam "Barys.kz"]
[WhiteTeamCountry "ENG"]
[BlackTeamCountry "KAZ"]

1. e4 e5 2. d4 exd4 3. c3 d3 4. Bxd3 d6 5. Nf3 Nf6 6. h3 Be7 7. 0-0 0-0 8. Re1 Nc6 9. c4 Ne5 10. Bf1 Be6 11. b3 Nfd7 12. Nc3 Bf6 13. Bb2 Re8 14. Rb1 a5 15. Nd4 c6 16. f4 Qb6 17. Na4 Qa7 18. Kh1 Ng6 19. f5 Rad8 20. fxg6 hxg6 21. Nxe6 Rxe6 22. Bxf6 Rxf6 23. c5 dxc5 24. e5 Rf5 25. Nc3 Qb8 26. e6 fxe6 27. Qe2 Re8 28. Ne4 Ne5 29. Rbd1 Nf7 30. Rd7 Re5 31. Qd3 Rf5 32. Nd6 Ne5 33. Rxe5 Rxe5 34. Qc3 Rd5 35. Qxg7# 1-0

[Event "WchT Blitz Pool D"]
[Site "London"]
[Date "2025.06.14"]
[Round "2.5"]
[White "Kairbekova, Amina"]
[Black "Ostensson, Julia"]
[Result "1-0"]
[WhiteElo "2317"]
[BlackElo "1996"]
[PlyCount "55"]
[EventDate "2025.06.14"]
[EventType "team-tourn"]
[EventRounds "13"]
[EventCountry "ENG"]
[SourceTitle "CB25_2025"]
[SourceDate "2025.06.18"]
[SourceVersion "1"]
[SourceVersionDate "2025.06.18"]
[SourceQuality "1"]
[WhiteTeam "Barys.kz"]
[BlackTeam "Uppsala SSS"]
[WhiteTeamCountry "KAZ"]
[BlackTeamCountry "SWE"]

1. e4 d6 2. d4 Nf6 3. Nc3 e5 4. Nf3 Nbd7 5. Rg1 c6 6. Be3 Ng4 7. Bg5 Be7 8. Bxe7 Qxe7 9. Bd3 exd4 10. Nxd4 Nc5 11. Qe2 0-0 12. 0-0-0 Re8 13. f3 Ne5 14. Kb1 Nexd3 15. cxd3 d5 16. Nc2 dxe4 17. fxe4 b5 18. Rge1 a5 19. d4 Ne6 20. d5 cxd5 21. exd5 b4 22. dxe6 Bxe6 23. Nd5 Qg5 24. Nce3 Bxd5 25. Rxd5 Rxe3 26. Rxg5 Rxe2 27. Rxe2 Rd8 28. Rxa5 1-0

[Event "WchT Blitz Pool D"]
[Site "London"]
[Date "2025.06.14"]
[Round "6.5"]
[White "Kairbekova, Amina"]
[Black "Tazhimyrzaev, Elzar"]
[Result "1-0"]
[WhiteElo "2317"]
[BlackElo "1828"]
[PlyCount "48"]
[EventDate "2025.06.14"]
[EventType "team-tourn"]
[EventRounds "13"]
[EventCountry "ENG"]
[SourceTitle "CB25_2025"]
[SourceDate "2025.06.18"]
[SourceVersion "1"]
[SourceVersionDate "2025.06.18"]
[SourceQuality "1"]
[WhiteTeam "Barys.kz"]
[BlackTeam "Kyrgyzstan Noval Group"]
[WhiteTeamCountry "KAZ"]
[BlackTeamCountry "KGZ"]

1. e4 d6 2. d4 c6 3. Nc3 Nf6 4. f4 Qa5 5. e5 Nd5 6. Nf3 g6 7. Bd3 Bg4 8. 0-0 Nd7 9. Nxd5 cxd5 10. exd6 e6 11. h3 Bxf3 12. Qxf3 Bxd6 13. c3 h5 14. Re1 h4 15. Bd2 Qc7 16. Qxd5 0-0 17. Qf3 Nf6 18. Re5 Qc6 19. Qe2 Bxe5 20. fxe5 Nh5 21. Qg4 Ng3 22. Qxh4 Nf5 23. Qf6 Rad8 24. Rf1 Qc7 1-0

[Event "WchT Rapid"]
[Site "London"]
[Date "2025.06.12"]
[Round "5.5"]
[White "Kairbekova, Amina"]
[Black "Bird, Joel"]
[Result "1-0"]
[WhiteElo "2280"]
[BlackElo "1927"]
[PlyCount "69"]
[EventDate "2025.06.11"]
[EventType "team-swiss"]
[EventRounds "12"]
[EventCountry "ENG"]
[SourceTitle "CB25_2025"]
[SourceDate "2025.06.18"]
[SourceVersion "1"]
[SourceVersionDate "2025.06.18"]
[SourceQuality "1"]
[WhiteTeam "Barys.kz"]
[BlackTeam "Chess Rising Stars"]
[WhiteTeamCountry "KAZ"]
[BlackTeamCountry "GRE"]

1. e4 e5 2. Nf3 Nc6 3. Bb5 a6 4. Ba4 Nf6 5. Nc3 Be7 6. d3 b5 7. Bb3 d6 8. Nd5 Na5 9. Nxf6+ Bxf6 10. Be3 0-0 11. Qe2 Nxb3 12. axb3 c5 13. h3 Be6 14. 0-0 Qe7 15. Ra3 h6 16. Rfa1 Qb7 17. Nh2 Bd8 18. f4 exf4 19. Bxf4 Bb6 20. Kh1 Rfd8 21. Rf1 Rac8 22. Ng4 c4 23. dxc4 bxc4 24. b4 c3 25. Rxc3 Bd4 26. Rg3 Bc4 27. Nxh6+ Kf8 28. Qh5 Bxf1 29. Nf5 g6 30. Qh6+ Ke8 31. Nxd4 Qxe4 32. Re3 Bxg2+ 33. Kg1 Qxe3+ 34. Bxe3 Be4 35. Bg5 1-0

[Event "KAZ-ch (Women)"]
[Site "Astana"]
[Date "2025.05.27"]
[Round "8"]
[White "Nauanova, Zhaniya"]
[Black "Kairbekova, Amina"]
[Result "1/2-1/2"]
[WhiteElo "2031"]
[BlackElo "2344"]
[PlyCount "149"]
[EventDate "2025.05.21"]
[EventType "tourn"]
[EventRounds "13"]
[EventCountry "KAZ"]
[SourceTitle "CB24_2025"]
[SourceDate "2025.06.11"]
[SourceVersion "1"]
[SourceVersionDate "2025.06.11"]
[SourceQuality "1"]

1. c4 g6 2. Nc3 Bg7 3. Nf3 d6 4. d4 Nf6 5. g3 0-0 6. Bg2 Nc6 7. 0-0 a6 8. b3 e5 9. Bb2 Nd7 10. e3 Re8 11. dxe5 dxe5 12. h4 Nc5 13. Qxd8 Rxd8 14. Rad1 e4 15. Rxd8+ Nxd8 16. Nd4 f5 17. Nd5 Be5 18. Rd1 b6 19. Bc3 Bb7 20. Ne2 Bd6 21. Nf6+ Kf7 22. Nxh7 Nde6 23. Nd4 Be7 24. Nxe6 Kxe6 25. Ng5+ Bxg5 26. hxg5 Nd7 27. Bf1 c5 28. Be2 Nf8 29. Bg7 Nh7 30. Bh6 Ke7 31. Kg2 a5 32. a4 Re8 33. Rd2 Bc8 34. Rd1 Bd7 35. Rd2 Rc8 36. Rd1 Rd8 37. Rd5 Rh8 38. Bg7 Rc8 39. Bh6 Bc6 40. Rd1 Rg8 41. Rd2 Nf8 42. Bxf8+ Rxf8 43. Rd1 Ke6 44. Kg1 Rh8 45. Kg2 Ke5 46. Rd2 Ra8 47. Rd1 Be8 48. Kg1 Ke6 49. Kg2 Ke7 50. Rd2 Bf7 51. Bd1 Be6 52. Kg1 Rh8 53. Kg2 Bd7 54. Be2 Ra8 55. Kg1 Rd8 56. Rd1 Ra8 57. Rd2 Be8 58. Bd1 Bf7 59. Kg2 Rc8 60. Be2 Be6 61. Rd1 Ra8 62. Ra1 Bf7 63. Rb1 Kd6 64. Rd1+ Kc7 65. Rb1 Be6 66. Ra1 Rd8 67. Rd1 Bd7 68. Kg1 Ra8 69. Ra1 Be6 70. Kg2 Rd8 71. Rd1 Rxd1 72. Bxd1 Kd6 73. Be2 Ke5 74. Kg1 Kd6 75. Kg2 1/2-1/2

[Event "KAZ-ch (Women)"]
[Site "Astana"]
[Date "2025.05.26"]
[Round "7"]
[White "Kairbekova, Amina"]
[Black "Kamarova, Zhanbota"]
[Result "1-0"]
[WhiteElo "2344"]
[BlackElo "1954"]
[PlyCount "87"]
[EventDate "2025.05.21"]
[EventType "tourn"]
[EventRounds "13"]
[EventCountry "KAZ"]
[SourceTitle "CB24_2025"]
[SourceDate "2025.06.11"]
[SourceVersion "1"]
[SourceVersionDate "2025.06.11"]
[SourceQuality "1"]

1. e4 e5 2. Nf3 Nc6 3. Bb5 a6 4. Ba4 Nf6 5. 0-0 Be7 6. Re1 b5 7. Bb3 d6 8. c3 0-0 9. h3 Nb8 10. d4 Nbd7 11. Nbd2 Bb7 12. Bc2 Re8 13. Nf1 Bf8 14. Ng3 g6 15. Bg5 h6 16. Bd2 Bg7 17. Qc1 Kh7 18. Nh2 Qe7 19. f4 Nb6 20. Nf3 Nfd7 21. h4 Rac8 22. h5 c5 23. hxg6+ fxg6 24. f5 g5 25. d5 Nc4 26. Kf2 g4 27. Nh2 Nf6 28. Rh1 Rh8 29. Bd1 Qf7 30. Nxg4 Nxe4+ 31. Nxe4 Qxf5+ 32. Bf3 Bxd5 33. Nef6+ Bxf6 34. Rxh6+ Kg7 35. Rxf6 Qxf6 36. Nxf6 Bxf3 37. Bg5 Bc6 38. Bh4 Rh6 39. Qg5+ Rg6 40. Nh5+ Kh7 41. Qe7+ Kh6 42. Ng3 Rcg8 43. Rh1 Rg4 44. Bg5+ 1-0

[Event "Asia-ch (Women)"]
[Site "Al Ain"]
[Date "2025.05.14"]
[Round "8"]
[White "Kairbekova, Amina"]
[Black "Potapova, Margarita"]
[Result "1-0"]
[WhiteElo "2344"]
[BlackElo "2224"]
[PlyCount "83"]
[EventDate "2025.05.07"]
[EventType "swiss"]
[EventRounds "9"]
[EventCountry "UAE"]
[SourceTitle "CB21_2025"]
[SourceDate "2025.05.21"]
[SourceVersion "1"]
[SourceVersionDate "2025.05.21"]
[SourceQuality "1"]

1. e4 c6 2. d4 d5 3. e5 Bf5 4. Nf3 e6 5. Be2 Be7 6. Nbd2 Nd7 7. 0-0 h5 8. c3 g5 9. Ne1 Qc7 10. a4 0-0-0 11. f4 f6 12. Ndf3 g4 13. Nd2 c5 14. a5 a6 15. Bd3 Nh6 16. Qe2 Rdf8 17. b4 fxe5 18. bxc5 e4 19. Bc2 g3 20. h3 Nxc5 21. Ba3 Re8 22. Qe3 Nd7 23. Ba4 Bh7 24. Nc2 Nf5 25. Qe2 Bxa3 26. Rxa3 Ref8 27. c4 e3 28. Nf3 dxc4 29. Nxe3 Nxe3 30. Qxe3 Bf5 31. Rc1 Kb8 32. Rac3 Nf6 33. Rxc4 Qxa5 34. Ne5 Rc8 35. Bc6 Rc7 36. Bxb7 Rxc4 37. Nxc4 Qc7 38. Bxa6 Nd5 39. Qb3+ Ka8 40. Ra1 Qa7 41. Bb7+ Kb8 42. Bxd5+ 1-0

[Event "Asia-ch (Women)"]
[Site "Al Ain"]
[Date "2025.05.12"]
[Round "6"]
[White "Kairbekova, Amina"]
[Black "Arya, G Mallar"]
[Result "1-0"]
[WhiteElo "2344"]
[BlackElo "2014"]
[PlyCount "75"]
[EventDate "2025.05.07"]
[EventType "swiss"]
[EventRounds "9"]
[EventCountry "UAE"]
[SourceTitle "CB21_2025"]
[SourceDate "2025.05.21"]
[SourceVersion "1"]
[SourceVersionDate "2025.05.21"]
[SourceQuality "1"]

1. e4 c6 2. d4 d5 3. e5 Bf5 4. Nf3 e6 5. Be2 Nd7 6. 0-0 a5 7. Nbd2 a4 8. c4 h6 9. cxd5 cxd5 10. Bb5 a3 11. Nb3 Ne7 12. Nh4 Bh7 13. bxa3 Nf5 14. Nf3 Be7 15. g4 0-0 16. gxf5 Bxf5 17. Ne1 Bh3 18. Ng2 Bxa3 19. Qf3 Bf5 20. Bd3 Bxd3 21. Qxd3 Nb6 22. Qg3 Bxc1 23. Rfxc1 Nc4 24. a4 b6 25. Nf4 Kh7 26. Kh1 g6 27. Rg1 Qd7 28. Nh5 Qc6 29. Nf6+ Kg7 30. h4 Rg8 31. h5 Kh8 32. hxg6 Rxg6 33. Qh4 Kg7 34. Nh5+ Kg8 35. Rxg6+ fxg6 36. Qe7 gxh5 37. Rg1+ Kh8 38. Qg7# 1-0

[Event "Asia-ch (Women) Blitz"]
[Site "Al Ain"]
[Date "2025.05.10"]
[Round "8"]
[White "Galas, Bernadette"]
[Black "Kairbekova, Amina"]
[Result "1-0"]
[WhiteElo "1984"]
[BlackElo "2344"]
[PlyCount "133"]
[EventDate "2025.05.10"]
[EventType "swiss (blitz)"]
[EventRounds "9"]
[EventCountry "UAE"]
[SourceTitle "CB20_2025"]
[SourceDate "2025.05.14"]
[SourceVersion "1"]
[SourceVersionDate "2025.05.14"]
[SourceQuality "1"]

1. e4 c5 2. Nf3 e6 3. d4 cxd4 4. Nxd4 Nf6 5. Bd3 Nc6 6. Nb3 d5 7. exd5 exd5 8. 0-0 Be7 9. Nc3 0-0 10. Bg5 h6 11. Bh4 Be6 12. Re1 d4 13. Ne4 Nxe4 14. Bxe7 Qxe7 15. Bxe4 Rad8 16. Qf3 Ne5 17. Qg3 Nc4 18. Rab1 Qb4 19. a3 Qb6 20. Bd3 Nd6 21. Rbd1 Rfe8 22. Nxd4 Bc8 23. Nb3 a5 24. a4 Qb4 25. f3 Rxe1+ 26. Rxe1 Qxa4 27. Qf2 Qb4 28. Re2 b6 29. Qd4 Qxd4+ 30. Nxd4 Re8 31. Rxe8+ Nxe8 32. Nc6 Kf8 33. Kf2 Nd6 34. b3 Bb7 35. Nd4 Ke7 36. Ke3 g6 37. g4 Kf6 38. h4 Ke5 39. f4+ Kd5 40. Be2 Kc5 41. c3 Bd5 42. Bd3 b5 43. Bc2 Bb7 44. Bd3 Bc8 45. Be2 a4 46. b4+ Kb6 47. Nc2 Be6 48. Na3 Kc6 49. Kd4 Kb6 50. Ke5 Ne8 51. Bxb5 Nc7 52. Bxa4 Nd5 53. Bb3 Nxc3 54. Bxe6 fxe6 55. Kxe6 Ne2 56. f5 gxf5 57. gxf5 Nd4+ 58. Ke5 Nc6+ 59. Kd6 Nd4 60. f6 Nf5+ 61. Ke6 Nd4+ 62. Kd7 Nf3 63. f7 Ne5+ 64. Ke6 Ng6 65. Kf6 Nf8 66. Ke7 Ng6+ 67. Ke8 1-0

[Event "Asia-ch (Women) Blitz"]
[Site "Al Ain"]
[Date "2025.05.10"]
[Round "5"]
[White "Kairbekova, Amina"]
[Black "Rakshitta, Ravi"]
[Result "1/2-1/2"]
[WhiteElo "2344"]
[BlackElo "2324"]
[PlyCount "100"]
[EventDate "2025.05.10"]
[EventType "swiss (blitz)"]
[EventRounds "9"]
[EventCountry "UAE"]
[SourceTitle "CB20_2025"]
[SourceDate "2025.05.14"]
[SourceVersion "1"]
[SourceVersionDate "2025.05.14"]
[SourceQuality "1"]

1. e4 e5 2. Nf3 Nc6 3. Bb5 f5 4. d3 fxe4 5. dxe4 Nf6 6. Nc3 Bb4 7. 0-0 Bxc3 8. bxc3 d6 9. Bc4 Na5 10. Qd3 Nxc4 11. Qxc4 Qe7 12. Qb5+ c6 13. Qd3 0-0 14. Ba3 Ne8 15. h3 Rf6 16. Nh2 Be6 17. Rad1 Rd8 18. Qe3 c5 19. f4 exf4 20. Rxf4 Bxa2 21. Ng4 Rxf4 22. Qxf4 Be6 23. Ne3 Qf6 24. Qxf6 gxf6 25. Bxc5 b6 26. Bd4 Kf7 27. Ra1 Rd7 28. g4 Kg6 29. Kg2 h5 30. Kg3 hxg4 31. hxg4 Rb7 32. Nd5 Bxd5 33. exd5 Re7 34. Rf1 b5 35. Ra1 Nc7 36. Rxa7 Nxd5 37. Ra6 Rd7 38. Kf3 Kf7 39. Rc6 Ke6 40. Rc8 Rb7 41. Re8+ Kf7 42. Rc8 Rc7 43. Rd8 Ke7 44. Rh8 Ke6 45. Re8+ Kf7 46. Rh8 Kg7 47. Rd8 Rc6 48. Rd7+ Kg6 49. Ke4 Nxc3+ 50. Kd3 Nd5 1/2-1/2

[Event "Budapest One Week GM-A 03"]
[Site "Budapest"]
[Date "2025.03.21"]
[Round "8"]
[White "Kairbekova, Amina"]
[Black "Tahay, Alexis"]
[Result "1-0"]
[WhiteElo "2336"]
[BlackElo "2397"]
[PlyCount "127"]
[EventDate "2025.03.17"]
[EventType "tourn"]
[EventRounds "9"]
[EventCountry "HUN"]
[EventCategory "6"]
[SourceTitle "CB13_2025"]
[SourceDate "2025.03.26"]
[SourceVersion "1"]
[SourceVersionDate "2025.03.26"]
[SourceQuality "1"]

1. e4 c5 2. Nf3 d6 3. d4 cxd4 4. Nxd4 Nf6 5. Nc3 a6 6. h3 e5 7. Nb3 Be7 8. g4 h6 9. Be3 Nbd7 10. a4 Nf8 11. Qd2 Be6 12. 0-0-0 Ng6 13. Nd5 Bxd5 14. exd5 Nd7 15. Qb4 Qc7 16. a5 Rc8 17. c3 Bg5 18. Nd2 Nc5 19. Nc4 0-0 20. Kb1 Qe7 21. Bd3 Bxe3 22. Nxe3 Nxd3 23. Rxd3 Qc7 24. c4 Rfd8 25. Qb6 Qxb6 26. axb6 Nf8 27. Rc1 g6 28. f3 Nd7 29. Ka2 Rf8 30. Rc2 f5 31. gxf5 gxf5 32. b4 Kh7 33. c5 dxc5 34. bxc5 e4 35. fxe4 fxe4 36. Rdc3 Rf3 37. c6 bxc6 38. b7 Rc7 39. dxc6 Nb8 40. Rd2 Rff7 41. Rd8 Nxc6 42. Rxc6 Rxb7 43. Ng4 e3 44. Rxh6+ Kg7 45. Re6 Rbe7 46. Re8 Rxe8 47. Rxe8 Rf4 48. Rxe3 Kg6 49. Re5 Rd4 50. Kb2 Rb4+ 51. Kc3 Ra4 52. Kd2 Ra2+ 53. Ke1 a5 54. h4 a4 55. h5+ Kf7 56. Rf5+ Ke6 57. Rf6+ Ke7 58. h6 a3 59. h7 Ra1+ 60. Kf2 a2 61. Rf7+ Kxf7 62. h8Q Rb1 63. Qf6+ Kg8 64. Qe6+ 1-0

[Event "Budapest One Week GM-A 03"]
[Site "Budapest"]
[Date "2025.03.21"]
[Round "7"]
[White "Nagy, Gabor"]
[Black "Kairbekova, Amina"]
[Result "1-0"]
[WhiteElo "2466"]
[BlackElo "2336"]
[PlyCount "77"]
[EventDate "2025.03.17"]
[EventType "tourn"]
[EventRounds "9"]
[EventCountry "HUN"]
[EventCategory "6"]
[SourceTitle "CB13_2025"]
[SourceDate "2025.03.26"]
[SourceVersion "1"]
[SourceVersionDate "2025.03.26"]
[SourceQuality "1"]

1. d4 Nf6 2. Nf3 e6 3. c4 d5 4. Nc3 dxc4 5. e4 b5 6. e5 Nd5 7. Nxb5 Nb6 8. a4 Qd7 9. Be2 Nc6 10. 0-0 Na5 11. Be3 Bb7 12. Nd2 Bb4 13. Nc3 0-0 14. Qc2 f5 15. exf6 Rxf6 16. Nde4 Rf5 17. Bg4 Qc6 18. f3 Re8 19. Rad1 Bxc3 20. Nxc3 Rff8 21. Rfe1 Nd5 22. Bg5 Nb4 23. Qe2 Nd3 24. Bxe6+ Kh8 25. d5 Qb6+ 26. Be3 Qxb2 27. Nb5 Qe5 28. Bd2 Qh5 29. Nxc7 Bxd5 30. Nxd5 Nc6 31. Bc3 Nd8 32. Bg4 Rxe2 33. Bxh5 Nxe1 34. Bxe1 Nc6 35. f4 Rb2 36. Bc3 Rc2 37. Re1 Kg8 38. Be8 Nd8 39. Bb5 1-0

[Event "Budapest One Week GM-A 03"]
[Site "Budapest"]
[Date "2025.03.19"]
[Round "4"]
[White "Jake, Shanty"]
[Black "Kairbekova, Amina"]
[Result "0-1"]
[WhiteElo "2336"]
[BlackElo "2336"]
[PlyCount "113"]
[EventDate "2025.03.17"]
[EventType "tourn"]
[EventRounds "9"]
[EventCountry "HUN"]
[EventCategory "6"]
[SourceTitle "CB13_2025"]
[SourceDate "2025.03.26"]
[SourceVersion "1"]
[SourceVersionDate "2025.03.26"]
[SourceQuality "1"]

1. Nf3 Nf6 2. g3 g6 3. Bg2 Bg7 4. 0-0 0-0 5. c4 d6 6. Nc3 e5 7. d3 c5 8. Ne1 Nc6 9. Nc2 Be6 10. Bg5 h6 11. Bxf6 Bxf6 12. Rb1 Rc8 13. b4 b6 14. Nd5 Bg7 15. a4 f5 16. e3 Kh8 17. Re1 Qd7 18. b5 Bxd5 19. Bxd5 Ne7 20. Bg2 d5 21. Qe2 dxc4 22. dxc4 e4 23. f3 Qe6 24. Rbd1 Ng8 25. Rf1 Nf6 26. fxe4 fxe4 27. Na3 Rcd8 28. Nb1 Qe5 29. Bh3 h5 30. Kg2 Bh6 31. Rfe1 g5 32. Kg1 g4 33. Bg2 Bg5 34. Qc2 Rxd1 35. Qxd1 Kg7 36. Qd2 h4 37. Qc3 Qe6 38. gxh4 Bxh4 39. Rf1 Bg5 40. Nd2 Kh6 41. Kh1 Rd8 42. Qc2 Re8 43. Qc3 Kg6 44. Re1 Re7 45. Kg1 Qd6 46. Qc2 Qe5 47. Nf1 Bh4 48. Rd1 Rf7 49. Nd2 Bf2+ 50. Kh1 Qxh2+ 51. Kxh2 g3+ 52. Kh1 Rh7+ 53. Bh3 Rxh3+ 54. Kg2 Rh2+ 55. Kf1 Bxe3 56. Ke1 g2 57. Qc3 0-1

[Event "Budapest One Week GM-A 03"]
[Site "Budapest"]
[Date "2025.03.18"]
[Round "2"]
[White "Sandoval Mercado, Carlos"]
[Black "Kairbekova, Amina"]
[Result "1-0"]
[WhiteElo "2383"]
[BlackElo "2336"]
[PlyCount "131"]
[EventDate "2025.03.17"]
[EventType "tourn"]
[EventRounds "9"]
[EventCountry "HUN"]
[EventCategory "6"]
[SourceTitle "CB13_2025"]
[SourceDate "2025.03.26"]
[SourceVersion "1"]
[SourceVersionDate "2025.03.26"]
[SourceQuality "1"]

1. d4 Nf6 2. Nf3 g6 3. Bf4 Bg7 4. e3 0-0 5. Be2 d6 6. h3 Nc6 7. Nc3 Qe8 8. 0-0 e5 9. Bg3 exd4 10. exd4 Ne4 11. Nxe4 Qxe4 12. c3 Bf5 13. Nh4 Bd7 14. b4 Qe8 15. Qd2 Ne7 16. Rfe1 Qd8 17. Bd3 b5 18. a4 bxa4 19. b5 Rb8 20. Rxa4 Nc8 21. Rb4 Re8 22. Rc1 d5 23. Qa2 Bf8 24. Rbb1 Bd6 25. Qxd5 Bxg3 26. fxg3 Re3 27. Bf1 Nd6 28. Nf3 Qf6 29. g4 Qf4 30. Re1 Rbe8 31. Ne5 Ne4 32. Rxe3 Qxe3+ 33. Kh1 Be6 34. Qc6 Rd8 35. Bc4 Bxc4 36. Qxc4 Rf8 37. Nf3 Nf2+ 38. Kh2 Qf4+ 39. Kg1 Nxh3+ 40. Kf1 Re8 41. Re1 Rxe1+ 42. Kxe1 Qc1+ 43. Ke2 Qc2+ 44. Nd2 Nf4+ 45. Ke3 Nxg2+ 46. Ke2 Qc1 47. Qxc7 Qe1+ 48. Kd3 Qe3+ 49. Kc2 Ne1+ 50. Kd1 Nd3 51. Kc2 Nf2 52. Qc6 Qe2 53. Qf3 Qxf3 54. Nxf3 Nxg4 55. c4 Kf8 56. c5 Ke7 57. Kd3 f6 58. Ke4 Kd7 59. d5 Nf2+ 60. Kd4 g5 61. c6+ Kc7 62. Nd2 g4 63. Nc4 g3 64. d6+ Kb8 65. b6 axb6 66. c7+ 1-0

[Event "Wch U20 Girls 41st"]
[Site "Petrovac"]
[Date "2025.03.04"]
[Round "8"]
[White "Zhapova, Yana"]
[Black "Kairbekova, Amina"]
[Result "1/2-1/2"]
[WhiteElo "2234"]
[BlackElo "2336"]
[PlyCount "90"]
[EventDate "2025.02.25"]
[EventType "swiss"]
[EventRounds "11"]
[EventCountry "MNE"]
[SourceTitle "CB11_2025"]
[SourceDate "2025.03.12"]
[SourceVersion "1"]
[SourceVersionDate "2025.03.12"]
[SourceQuality "1"]

1. e4 e5 2. Nf3 Nc6 3. Bc4 Nf6 4. d3 Bc5 5. c3 d6 6. 0-0 a5 7. Re1 Ba7 8. Bb3 0-0 9. h3 Be6 10. Ba4 Ne7 11. d4 Ng6 12. Nbd2 exd4 13. Nxd4 d5 14. e5 Ne4 15. Nxe4 dxe4 16. Nxe6 fxe6 17. Be3 Bxe3 18. Rxe3 Qh4 19. Qc2 Nf4 20. Bb5 Rf5 21. Bf1 Raf8 22. Rae1 Nd3 23. Bxd3 exd3 24. Qxd3 Qxf2+ 25. Kh1 Qxb2 26. Qc4 Qb6 27. Re4 h5 28. Rd4 Kh8 29. Kh2 Qb2 30. Rh4 Rg5 31. Re2 Qc1 32. Qxe6 Kh7 33. Qd5 Rf1 34. g4 Qxc3 35. Kg2 Rf4 36. Qxb7 Qd3 37. Qb2 c5 38. Rxh5+ Rxh5 39. gxh5 c4 40. Qc2 Kh6 41. Qxd3 cxd3 42. Rd2 Rd4 43. e6 Re4 44. Rxd3 Rxe6 45. Kf3 Re5 1/2-1/2

[Event "Wch U20 Girls 41st"]
[Site "Petrovac"]
[Date "2025.02.25"]
[Round "1"]
[White "Radenkovic, Mila"]
[Black "Kairbekova, Amina"]
[Result "0-1"]
[WhiteElo "2027"]
[BlackElo "2336"]
[PlyCount "62"]
[EventDate "2025.02.25"]
[EventType "swiss"]
[EventRounds "11"]
[EventCountry "MNE"]
[SourceTitle "CB11_2025"]
[SourceDate "2025.03.12"]
[SourceVersion "1"]
[SourceVersionDate "2025.03.12"]
[SourceQuality "1"]

1. e4 c5 2. Nf3 e6 3. d4 cxd4 4. Nxd4 Nf6 5. Nc3 Nc6 6. Ndb5 Bc5 7. Be3 Bxe3 8. Nd6+ Ke7 9. fxe3 a6 10. Qd2 Qc7 11. 0-0-0 b5 12. g4 Ne8 13. Nf5+ Kf8 14. Nd4 Ne5 15. Be2 Bb7 16. Rhf1 Ke7 17. Qe1 Nd6 18. Qh4+ Kf8 19. Rf4 b4 20. Rdf1 bxc3 21. Qh5 cxb2+ 22. Kb1 Ng6 23. e5 Ne4 24. Rxf7+ Ke8 25. Nb3 Nc3+ 26. Kxb2 Nxe2 27. Rxg7 Qxe5+ 28. Qxe5 Nxe5 29. Re1 Bf3 30. Nd2 Rb8+ 31. Ka1 Nc3 0-1

[Event "Wch Blitz (Women)"]
[Site "New York"]
[Date "2024.12.30"]
[Round "6"]
[White "Kairbekova, Amina"]
[Black "Heinemann, Josefine"]
[Result "0-1"]
[WhiteElo "2309"]
[BlackElo "2305"]
[PlyCount "90"]
[EventDate "2024.12.30"]
[EventType "swiss (blitz)"]
[EventRounds "11"]
[EventCountry "USA"]
[SourceTitle "CB01_2025"]
[SourceDate "2025.01.01"]
[SourceVersion "1"]
[SourceVersionDate "2025.01.01"]
[SourceQuality "1"]

1. e4 c5 2. Nf3 d6 3. d4 cxd4 4. Nxd4 Nf6 5. Nc3 a6 6. h3 e5 7. Nb3 Be7 8. g4 Be6 9. g5 Nfd7 10. h4 b5 11. Be3 Nb6 12. Nd5 Nxd5 13. exd5 Bf5 14. Bd3 Bxd3 15. Qxd3 Nd7 16. 0-0-0 Rc8 17. Kb1 Qc7 18. f4 exf4 19. Bxf4 Nc5 20. Nxc5 Qxc5 21. Rde1 Rc7 22. h5 0-0 23. h6 g6 24. Re2 Rfc8 25. Rhe1 Bf8 26. b3 Qc3 27. Qe4 Re7 28. Qg2 Rxe2 29. Rxe2 a5 30. Bc1 a4 31. Bb2 Qc5 32. Qf1 a3 33. Ba1 b4 34. Rg2 Qe3 35. Rg1 Qe7 36. Qf2 Re8 37. Qd2 Qe4 38. Rd1 f5 39. gxf6 Kf7 40. Qf2 Bxh6 41. Qa7+ Kf8 42. f7 Re7 43. Qb8+ Kxf7 44. Rf1+ Bf4 45. Bh8 Qe1+ 0-1

[Event "Wch Blitz (Women)"]
[Site "New York"]
[Date "2024.12.30"]
[Round "11"]
[White "Krush, Irina"]
[Black "Kairbekova, Amina"]
[Result "1-0"]
[WhiteElo "2378"]
[BlackElo "2309"]
[PlyCount "67"]
[EventDate "2024.12.30"]
[EventType "swiss (blitz)"]
[EventRounds "11"]
[EventCountry "USA"]
[SourceTitle "CB01_2025"]
[SourceDate "2025.01.01"]
[SourceVersion "1"]
[SourceVersionDate "2025.01.01"]
[SourceQuality "1"]

1. d4 Nf6 2. c4 g6 3. Nc3 Bg7 4. e4 d6 5. h3 0-0 6. Be3 a5 7. Nf3 e5 8. d5 Nbd7 9. g4 Nc5 10. Nd2 c6 11. Be2 a4 12. h4 cxd5 13. cxd5 Bd7 14. h5 Ne8 15. g5 f5 16. h6 Bh8 17. Rg1 Nxe4 18. Ndxe4 fxe4 19. Nxe4 b5 20. f3 Rf4 21. Bxf4 exf4 22. Qd2 Be5 23. Rc1 Qb6 24. Kf1 Bh3+ 25. Rg2 a3 26. b3 Bxg2+ 27. Kxg2 b4 28. Rc6 Qb8 29. Qc2 Qd8 30. Qc4 Rb8 31. Kh2 Qd7 32. Bf1 Qf5 33. Bh3 Qf7 34. Be6 1-0

[Event "Wch Blitz (Women)"]
[Site "New York"]
[Date "2024.12.30"]
[Round "5"]
[White "Wu, Rochelle"]
[Black "Kairbekova, Amina"]
[Result "1/2-1/2"]
[WhiteElo "2237"]
[BlackElo "2309"]
[PlyCount "151"]
[EventDate "2024.12.30"]
[EventType "swiss (blitz)"]
[EventRounds "11"]
[EventCountry "USA"]
[SourceTitle "CB01_2025"]
[SourceDate "2025.01.01"]
[SourceVersion "1"]
[SourceVersionDate "2025.01.01"]
[SourceQuality "1"]

1. Nf3 Nf6 2. b3 g6 3. Bb2 Bg7 4. e3 0-0 5. Be2 d6 6. d4 c5 7. 0-0 Nc6 8. d5 Nb8 9. c4 Bg4 10. Nbd2 Bxf3 11. Bxf3 Nbd7 12. e4 Rb8 13. Be2 a6 14. a4 e5 15. dxe6 fxe6 16. Qc2 Ne5 17. Rad1 Nc6 18. Nf3 Qc7 19. Bc3 e5 20. Rfe1 Rbe8 21. Bd3 Nd4 22. Nxd4 exd4 23. Bd2 Ng4 24. f3 Ne3 25. Bxe3 dxe3 26. Kh1 Bd4 27. Rf1 Kh8 28. f4 Qg7 29. Rf3 g5 30. fxg5 Rxf3 31. gxf3 Qxg5 32. Qg2 Qf4 33. Be2 Rg8 34. Qh3 Qg5 35. Rf1 Be5 36. Rd1 Bf4 37. Bd3 Be5 38. Rf1 Qg7 39. Be2 Bf4 40. Rd1 Qb2 41. Re1 Qd2 42. Qf1 Qc3 43. Rb1 a5 44. Bd3 Qd2 45. Qe2 Qc3 46. Rg1 Rxg1+ 47. Kxg1 Qxb3 48. Bc2 Qc3 49. Qd3 Qe1+ 50. Kg2 Qf2+ 51. Kh3 Qxh2+ 52. Kg4 Qg3+ 53. Kf5 Qg5+ 54. Ke6 Qe5+ 55. Kd7 Bg5 56. Kc7 d5+ 57. Kxb7 d4 58. Kb6 h5 59. Kxa5 h4 60. Qf1 Qh2 61. Qb1 Qd2+ 62. Ka6 Qb4 63. Qg1 Qxc4+ 64. Ka7 Qf7+ 65. Ka6 Qf6+ 66. Kb5 Kh7 67. Qg4 Kh6 68. Bd3 Qf4 69. Qe6+ Qf6 70. Qg4 Qf4 71. Qe6+ Qf6 72. Qg4 Qf4 73. Qe6+ Qf6 74. Qg4 Qd6 75. Qf5 Qf6 76. Qg4 1/2-1/2